Le tour du monde. Nouveau journal des voyages publié sous la direction de M. Edouard Charton et iilustré par nos plus célèbres artistes. 1887, deuxième semestre; 1888, premier semestre

Guardado en:
Detalles Bibliográficos
Autor principal: Charton, Edouard (Autor)
Formato: Libro
Lenguaje:francés
Publicado: París Librairie Hachette et Cie 1887
Edición:1a. ed
Materias:
Etiquetas: Agregar Etiqueta
Sin Etiquetas, Sea el primero en etiquetar este registro!

MARC

LEADER 00000nam a2200000 a 4500
001 UCJ7068
003 CL-VaPUC
008 070124e18870000FR |||||||||||||||||fre|d
082 0 4 |a 910.4  |b CHA  |2 21 
100 |a Charton, Edouard  |e author  |9 514960 
245 1 3 |a Le tour du monde. Nouveau journal des voyages publié sous la direction de M. Edouard Charton et iilustré par nos plus célèbres artistes. 1887, deuxième semestre; 1888, premier semestre 
250 |a 1a. ed 
300 |a pág. irreg 
942 |c BK 
945 |d 20070124 00:00:00  |a rinostro 
260 |a París  |b Librairie Hachette et Cie  |c 1887 
500 |a Dos números empastados en un volumen.- Ilustraciones conforme a lo señalado en índices.- Por su tamaño, se encuentra ubicado al comienzo del área Viajeros 
650 0 |a Viajes  |9 257115 
650 0 |a Árabes  |9 316264 
650 0 |a Cultura  |9 269059 
650 0 |a Recursos naturales  |9 255232 
650 0 |a Comercio  |9 255341 
650 0 |a Aborígenes  |9 329972 
650 7 |a TIPOS HUMANOS  |2 CL-VaPUC  |9 504574 
650 7 |a GAUCHOS  |2 CL-VaPUC  |9 317962 
650 0 |a Ferrocarriles  |9 260933 
650 0 |a Grabados  |9 310822 
650 0 |a Ilustraciones  |9 369481 
650 0 |a Mapas  |9 260844 
651 0 |a Argentina  |9 254888 
651 7 |a BUENOS AIRES  |2 CL-VaPUC  |9 255286 
651 7 |a TUCUMAN  |2 CL-VaPUC  |9 357006 
651 7 |a LA PLATA  |2 CL-VaPUC  |9 475289 
651 7 |a MISIONES  |2 CL-VaPUC  |9 514471 
651 0 |a África  |9 256790 
651 7 |a INDOCHINA  |2 CL-VaPUC  |9 357888 
651 7 |a ARABIA  |2 CL-VaPUC  |9 334867 
583 |a last modification  |c 20130913 07:35:14  |k Rodrigo Vera 
999 |c 323168  |d 323166 
952 |0 0  |1 0  |4 0  |6 910_400000000000000_CHA_1887  |7 0  |8 X  |9 402544  |a FDOBUD  |b FDOBUD  |d 2019-11-22  |i 1057952  |o 910.4 CHA 1887  |p 1057952  |r 2019-11-22  |w 2019-11-22  |y BK_X  |k BUD